Регионална библиотека "Любен Каравелов" - Русе

Свободни в словото. (Запис номер 475495)

MARC детайли
000 -Лидер
Контролно поле с фиксирана дължина 00997nam a22002657a 4500
003 - Код на организацията, давaща контролен номер
Контролно поле BLK
005 - Дата и час на последна редакция
Контролно поле 20240315163529.0
008 - Елементи от данни с фиксирана дължина
fixed length control field 181024b bu ||||| |||| 00| 0 bu d
020 ## - Международен стандартен номер на книга ISBN
Международен стандартен номер на книга ISBN 9786197245387
040 ## - Източник на каталожния запис
Идентификатор на билиотеката - собственик на записа BLK
041 ## - Код за език
Код за езика на текст/звукозапис или на отделно заглавие Български
Код за езика КДБФ Български
080 ## - УДК
Текстов определител УДК Българска литература
УДК код - определител по УДК 821.163.2
УДК - код + определител 821.163.2-4
080 ## - УДК
Текстов определител УДК Политическа журналистика
УДК код - определител по УДК 07:32
УДК - код + определител 07:32(497.2)
100 ## - Редна дума - Автор
Автор Заркова, Анна Леонидова
R(LIN) 258994
Авторска отговорност първи автор
139 ## - Редно поле
Редна дума Заркова, Анна Леонидова
Авторски знак Зари - З 35
245 ## - Сведения за заглавието
Заглавие Свободни в словото.
Подзаглавни данни 7 разследващи журналисти и техните истории
Редно поле (дума) Анна Заркова
260 ## - Област на издателските данни
9 (RLIN) 219788
Име на издателя, разпространителя и проч. Авлига
Година на издаване 2022
Място на издаване, разпространение и проч. София
300 ## - Физическа характеристика
Страници 464 с.
Размери/Мащаб 20 см
380 ## - Жанр
Жанр Худож. лит.
852 ## - Местоположение
Форматна сигнатура Цб 322331
Фондова буква Хранилище
856 ## - Електронен адрес и достъп
Инструкция (цена за достъп) 0.00
Права за достъп disable
942 ## - АРТИКУЛИ
Вид на библиотечния материал Книги
Скрит в OPAC Не
Koha issues (borrowed), all copies 27
Периодичен библиозапис Да
944 ## - СЪЗДАВАНЕ И РЕДАКЦИЯ на ЗАПИСА
Създаване/Редакция Редакция
Служител, извършил регистрацията/редакцията 30550
Статус, дата на статуса Кети Илиева
999 ## - СИСТЕМНИ КОНТРОЛНИ НОМЕРА
Koha biblionumber 475495
Koha biblioitemnumber 475495
999 ## - СИСТЕМНИ КОНТРОЛНИ НОМЕРА
Koha biblioitemnumber 475495
Наличности
Код за отписване Код за изгубен артикул Източник на класификационната схема Код за повреда Коз за рестрикции Код за отдаване Артикулен № Име на библиотеката - собственик Име на библиотеката, в която се намира в момента Статус (Текущо местоположение) Дата на вписване в системата Местоположение - отдел Цена в лева Систематично азбучна сигнатура Баркод Цена в евро Служебен тип на артикула Инвентарен номер
  Не е изгубен Universal Decimal Classification Не е повреден без рестрикции заемане за дома 907245 Регионална библиотека "Любен Каравелов" Русе Регионална библиотека "Любен Каравелов" Русе Заемна - подръчен фонд 2022-10-10 Заемна - подръчен фонд 20.00 821.163.2-4/З-35 А 120000878356 10.23 Книги  
  Не е изгубен Universal Decimal Classification Не е повреден само за читалня ползва се в читалня 941532 Регионална библиотека "Любен Каравелов" Русе Регионална библиотека "Любен Каравелов" Русе Хранилище 2024-03-18 Хранилище 25.00 Цб 322331 120000900539 12.78 Книги 120000900539
Vip Innovations Ltd, Rousse, Bulgaria 2025